000 00593nam a2200229Ia 4500
003 OSt
005 20221005123511.0
006 a|||||r|||| 00| 0
007 ta
008 221004b |||||||| |||| 00| 0 eng d
024 _a63371
037 _cTextual
040 _aCRL
_cCRL
_beng
041 _2eng
_aeng
082 _aV236911:21wL14, J4
100 _aKirpal Singh
245 0 _aLife of Maharaja Ala Singh of Patiala and his times
260 _c1954
650 _aHISTORY
942 _hV236911:21wL14, J4
_cTEXL
_2cc
999 _c1047611
_d1047611